000 00311nam a22001457a 4500
008 210302b ||||| |||| 00| 0 eng d
020 _ax0000v40bz
041 _aeng
080 _28th
_a338
082 _a338
100 _a53
101 _aMEN
245 _aStrategic Management
_cHitt, M.A
942 _2udc
_cBK
999 _c55521
_d55521